Amore e morte nel romanzo americano /

Guardat en:
Dades bibliogràfiques
Autor principal: Fiedler, Leslie A. (Autor)
Altres autors: Izzo, Carlo (Editor), Poggi, Valentina (Traductor)
Format: Llibre
Idioma:italià
Publicat: Milano : Longanesi, 1963
Col·lecció:I marmi ; 13
Matèries:
Etiquetes: Afegir etiqueta
Sense etiquetes, Sigues el primer a etiquetar aquest registre!

MARC

LEADER 00000nam a22000007i 4500
001 IT\ICCU\SBL\0261924
003 ItRI
005 20250828141926.0
008 910930s1963 it |||||| ||||| |||||c
015 |2 IT  |a 644373 
040 |b ita  |c ct 
041 7 |a ita  |2 ISO-639-2 
082 |a 813  |2 16 
100 1 |a Fiedler, Leslie A.  |0 IT\ICCU\PUVV\187981  |4 aut 
240 1 0 |a Love and death in the american novel  |9 Fiedler, Leslie A. 
245 1 0 |a Amore e morte nel romanzo americano /  |c di Leslie Fiedler ; a cura di Carlo Izzo ; traduzione di Valentina Poggi. 
260 |a Milano :  |b Longanesi,  |c 1963 
300 |a 595 p. ;  |c 23 cm 
650 7 |a Romanzi americani  |2 scbi 
700 1 |a Izzo, Carlo  |0 IT\ICCU\CFIV\094333  |4 edt 
700 1 |a Poggi, Valentina  |0 IT\ICCU\MILV\013594  |4 trl 
830 2 |a I marmi ;  |v 13  |0 IT\ICCU\CFI\0048930 
942 |2 ddc  |c BK 
952 |0 0  |1 0  |2 ddc  |4 0  |6 B_SCR03FIELEAMO11  |7 1  |9 9215  |a MI  |b MI  |d 2013-11-26  |i 1677  |l 0  |o B-SCR03-FIELE-AMO11  |p CDOM1677  |r 2025-07-17 21:50:00  |w 2025-07-17  |x OLIVARI  |y BK 
981 1 |6 z01  |a i   |b xxxe  
982 1 |6 z01  |a n 
999 |c 7681  |d 7681